| 000 | 00694nam a22002057a 4500 | ||
|---|---|---|---|
| 005 | 20161107113842.0 | ||
| 010 | _a ENG-116241 | ||
| 020 |
_a9780199463626 _c795.00 |
||
| 020 |
_a019946362 _c795.00 |
||
| 035 | _aEN-99773 | ||
| 037 | _bDBAD/PUB | ||
| 082 | _a331.12095433 | ||
| 100 | _aNeethi,P. | ||
| 245 |
_aGlobalization lived locally : _ba lobour grography perpective / _cbyNeethi P. |
||
| 260 |
_aNew Delhi _bOxford University Press _c2016 |
||
| 270 |
_aYMCA Library Building, 1 Jai Singh Road, _bNew Delhi _e110001 |
||
| 300 |
_axvi,232p. : _c22cm(Hb) _bill |
||
| 500 | _aIncludes bibliographical references and index | ||
| 942 |
_2ddc _cEN _mNEE _h331.12095433 |
||
| 999 |
_c104482 _d104482 |
||